Mahatma gandhi and world peace (Record no. 32149)

MARC details
000 -LEADER
fixed length control field 00461nam a2200181Ia 4500
020 ## - INTERNATIONAL STANDARD BOOK NUMBER
ISBN 9788131101667
050 ## - CALL MARK
Classification number DS 481.G3 C43/
100 ## - STATEMENT OF RESPONSIBILITY--MAIN AUTHOR NAME
Personal name R.k Pruthi Archna Chaturvedi
245 #0 - TITLE STATEMENT
Title Mahatma gandhi and world peace
260 ## - PUBLICATION, DISTRIBUTION, ETC. (IMPRINT)
Place of publication New Delhi
260 ## - PUBLICATION, DISTRIBUTION, ETC. (IMPRINT)
Name of publisher Commonwealth Publishers
260 ## - PUBLICATION, DISTRIBUTION, ETC. (IMPRINT)
Year of publication 2019
300 ## - PHYSICAL DESCRIPTION
Number of Pages 327 p
650 ## - SUBJECT ADDED ENTRY--TOPICAL TERM
Topical Term Gandhi, Mahatma, 1869-1948
942 ## - ADDED ENTRY ELEMENTS (KOHA)
Koha item type Books
Holdings
Withdrawn status Lost status Source of classification or shelving scheme Damaged status Not for loan Permanent Location Current Location Shelving location Date acquired Accession Number Price effective from Koha item type
    Library of Congress Classification     NILE UNIVERSITY OF NIGERIA - MAIN LIBRARY NILE UNIVERSITY OF NIGERIA - MAIN LIBRARY Items on shelf 04/23/2025 0192858 04/23/2025 Books